[Event "Hamburg-ch Seniors 22nd"]
[Site "Hamburg"]
[Date "2015.11.05"]
[Round "9"]
[White "Law, Robert"]
[Black "Chmielewski, Axel"]
[Result "1-0"]
[WhiteElo "1709"]
[BlackElo "1820"]
[PlyCount "103"]
[EventDate "2015.10.28"]
[EventType "swiss"]
[EventRounds "9"]
[EventCountry "GER"]
[SourceTitle "EXT 2018"]
[Source "ChessBase"]
[SourceDate "2017.10.13"]
[SourceVersion "1"]
[SourceVersionDate "2017.10.13"]
[SourceQuality "1"]

1. e4 e6 2. d4 d5 3. Nc3 Nf6 4. Bg5 Be7 5. e5 Nfd7 6. h4 Bxg5 7. hxg5 Qxg5 8. Nh3 Qe7 9. Qg4 f5 10. Qg3 a6 11. Nf4 Nf8 12. 0-0-0 Nbd7 13. Nfxd5 exd5 14. Nxd5 f4 15. Nxc7+ Kd8 16. Qc3 Nb6 17. Nxa8 Nxa8 18. Bd3 Qg5 19. Kb1 Bf5 20. Qa5+ Nc7 21. e6 b5 22. e7+ Kc8 23. Qxc7+ Kxc7 24. e8Q Bd7 25. Qa8 Qf6 26. Qa7+ Kc8 27. Rhe1 Qd6 28. Be4 Ng6 29. Bb7+ Kd8 30. Qa8+ Kc7 31. Qa7 Qb6 32. Qxb6+ Kxb6 33. Be4 Nh4 34. Rh1 g5 35. c3 Re8 36. Bc2 Re2 37. g3 fxg3 38. fxg3 Nf5 39. Rxh7 Ne3 40. Rxd7 Nxc2 41. Rg7 Ne3 42. Re7 Rxb2+ 43. Kxb2 Nxd1+ 44. Kc2 Nf2 45. Re6+ Kb7 46. Kd2 a5 47. Ke2 Nh3 48. Kf3 g4+ 49. Kxg4 Nf2+ 50. Kf5 Nd1 51. g4 Nxc3 52. Re5 1-0

[Event "Hamburg-ch Seniors 22nd"]
[Site "Hamburg"]
[Date "2015.10.30"]
[Round "3"]
[White "Law, Robert"]
[Black "Klausberger, Wolfgang"]
[Result "1-0"]
[WhiteElo "1709"]
[BlackElo "1593"]
[PlyCount "53"]
[EventDate "2015.10.28"]
[EventType "swiss"]
[EventRounds "9"]
[EventCountry "GER"]
[SourceTitle "EXT 2018"]
[Source "ChessBase"]
[SourceDate "2017.10.13"]
[SourceVersion "1"]
[SourceVersionDate "2017.10.13"]
[SourceQuality "1"]

1. e4 d6 2. d4 Nf6 3. Nc3 g6 4. Bc4 Bg7 5. Qe2 0-0 6. e5 dxe5 7. dxe5 Ne8 8. Bg5 c6 9. Rd1 Qc7 10. f4 b5 11. Bb3 a5 12. a4 b4 13. Ne4 Na6 14. Nf3 c5 15. Bc4 Bb7 16. 0-0 h6 17. Bh4 Kh7 18. Bg3 Qb6 19. Bf2 Bxe4 20. Qxe4 Nec7 21. f5 Rae8 22. Bd3 Rd8 23. fxg6+ fxg6 24. Nh4 Rxd3 25. Rxd3 Rxf2 26. Rxf2 c4 27. Rg3 1-0

[Event "Pinneberg-ch"]
[Site "Pinneberg"]
[Date "2011.09.01"]
[Round "3"]
[White "Law, Robert"]
[Black "Olschok, Juergen"]
[Result "1-0"]
[WhiteElo "1729"]
[BlackElo "1794"]
[PlyCount "79"]
[EventDate "2011.08.18"]
[EventType "swiss"]
[EventRounds "7"]
[EventCountry "GER"]
[SourceTitle "CBM 144 Extra"]
[Source "ChessBase"]
[SourceDate "2011.10.28"]
[SourceVersion "1"]
[SourceVersionDate "2011.10.28"]
[SourceQuality "1"]

1. e4 e6 2. d4 d5 3. Nc3 Nf6 4. e5 Nfd7 5. Nce2 c5 6. c3 Nc6 7. f4 Qb6 8. Nf3 Be7 9. g3 a6 10. Bh3 g6 11. 0-0 Nf8 12. Kh1 Bd7 13. Rb1 Rc8 14. Be3 c4 15. b3 cxb3 16. axb3 Nd8 17. Nd2 Bc6 18. Bg2 Nd7 19. Bg1 Qc7 20. Rc1 b5 21. c4 dxc4 22. bxc4 Bxg2+ 23. Kxg2 Qb7+ 24. Rf3 0-0 25. cxb5 Rxc1 26. Qxc1 axb5 27. Nc3 b4 28. Nce4 Nb6 29. Nf6+ Bxf6 30. exf6 Nd7 31. d5 Qxd5 32. Qb2 Nc6 33. Nb3 Ra8 34. Kf2 Nc5 35. Re3 Nxb3 36. Qxb3 Ra2+ 37. Kf1 Ra1+ 38. Kf2 Qd2+ 39. Re2 Qd4+ 40. Qe3 1-0

[Event "Pinneberg-ch"]
[Site "Pinneberg"]
[Date "2006.09.28"]
[Round "7"]
[White "Law, Robert"]
[Black "Kaland, Joachim"]
[Result "1-0"]
[WhiteElo "1823"]
[BlackElo "1624"]
[PlyCount "37"]
[EventDate "2006.08.22"]
[EventType "swiss"]
[EventRounds "7"]
[EventCountry "GER"]
[SourceTitle "EXT 2007"]
[Source "ChessBase"]
[SourceDate "2006.11.23"]
[SourceVersion "1"]
[SourceVersionDate "2006.11.23"]
[SourceQuality "1"]

1. e4 e6 2. d4 d5 3. Nc3 Bb4 4. e5 c5 5. a3 Bxc3+ 6. bxc3 Qc7 7. Qg4 Ne7 8. Qxg7 Rg8 9. Qxh7 cxd4 10. Kd1 Qxc3 11. Rb1 Qc7 12. f4 Nbc6 13. Nf3 b6 14. Ng5 Rxg5 15. fxg5 Qxe5 16. Bd3 Bd7 17. Rf1 0-0-0 18. Bf4 Qh8 19. Ba6# 1-0